[Event "CAN-op"]
[Site "Sackville CAN"]
[Date "2001.07.13"]
[Round "8"]
[White "Quiring, John"]
[Black "Albert, Ede"]
[Result "0-1"]
[WhiteElo "1974"]
[BlackElo "1687"]
[PlyCount "62"]
[GameId "2160767911564285"]
[EventDate "2001.07.07"]
[EventType "swiss"]
[EventRounds "10"]
[EventCountry "CAN"]
[SourceTitle "EXT 2006"]
[Source "ChessBase"]
[SourceDate "2005.11.24"]
[SourceVersion "1"]
[SourceVersionDate "2005.11.24"]
[SourceQuality "1"]

1. e4 g6 2. d4 d6 3. c4 Bg7 4. Nc3 Nc6 5. Be3 e6 6. Rc1 Nge7 7. f4 O-O 8. Nf3 f5 9. e5 b6 10. Be2 Qd7 11. d5 Nd8 12. O-O Nf7 13. dxe6 Qxe6 14. Nd4 Qd7 15. e6 Qe8 16. exf7+ Rxf7 17. Bf3 Rb8 18. Nd5 Nxd5 19. Bxd5 Qxe3+ 20. Kh1 Qxd4 21. Qa4 b5 22. Qa5 Qb6 23. Qd2 Qd4 24. Qa5 Qb6 25. Qd2 Bb7 26. Bxf7+ Kxf7 27. Rfe1 a6 28. Qe2 Be4 29. b3 Re8 30. Qd2 Re7 31. h3 b4 0-1

[Event "CAN-op"]
[Site "Sackville CAN"]
[Date "2001.07.13"]
[Round "8"]
[White "Ramaswamy, Kiran"]
[Black "Thiede, Gunther"]
[Result "1-0"]
[WhiteElo "1879"]
[BlackElo "1700"]
[PlyCount "63"]
[GameId "2160767911564287"]
[EventDate "2001.07.07"]
[EventType "swiss"]
[EventRounds "10"]
[EventCountry "CAN"]
[SourceTitle "EXT 2006"]
[Source "ChessBase"]
[SourceDate "2005.11.24"]
[SourceVersion "1"]
[SourceVersionDate "2005.11.24"]
[SourceQuality "1"]

1. c4 c5 2. g3 e6 3. Bg2 Ne7 4. Nf3 d5 5. O-O Nd7 6. cxd5 exd5 7. d4 c4 8. Nc3 Nb6 9. e4 Be6 10. exd5 Nexd5 11. Ng5 Nxc3 12. Nxe6 Nxd1 13. Nxd8 Rxd8 14. Rxd1 Be7 15. Bxb7 O-O 16. d5 Bc5 17. Bf4 Bd6 18. Bxd6 Rxd6 19. b3 Rb8 20. Bc6 cxb3 21. axb3 Nd7 22. Rxa7 Nf6 23. b4 g6 24. b5 Rb6 25. Ra6 Nd7 26. Bxd7 Rxa6 27. bxa6 Rxd7 28. d6 Kf8 29. a7 Rd8 30. d7 Ke7 31. Re1+ Kd6 32. Re8 1-0

[Event "CAN-op"]
[Site "Sackville CAN"]
[Date "2001.07.13"]
[Round "8"]
[White "Robertson, Matthew"]
[Black "Parker, Laurie"]
[Result "1-0"]
[WhiteElo "2032"]
[BlackElo "1714"]
[PlyCount "33"]
[GameId "2160767911564288"]
[EventDate "2001.07.07"]
[EventType "swiss"]
[EventRounds "10"]
[EventCountry "CAN"]
[SourceTitle "EXT 2006"]
[Source "ChessBase"]
[SourceDate "2005.11.24"]
[SourceVersion "1"]
[SourceVersionDate "2005.11.24"]
[SourceQuality "1"]

1. d4 d5 2. c4 c6 3. Nc3 e6 4. e4 f5 5. exf5 exf5 6. Nf3 Nf6 7. cxd5 Nxd5 8. Bc4 Bb4 9. O-O Nxc3 10. bxc3 Bxc3 11. Qb3 Bxd4 12. Re1+ Kf8 13. Ba3+ c5 14. Nxd4 b6 15. Rad1 Qf6 16. Bd5 b5 17. Bxc5+ 1-0

[Event "CAN-op"]
[Site "Sackville CAN"]
[Date "2001.07.13"]
[Round "8"]
[White "Roschman, Paul"]
[Black "Davidson, Brian"]
[Result "1-0"]
[WhiteElo "1625"]
[BlackElo "1806"]
[PlyCount "117"]
[GameId "2160767911564289"]
[EventDate "2001.07.07"]
[EventType "swiss"]
[EventRounds "10"]
[EventCountry "CAN"]
[SourceTitle "EXT 2006"]
[Source "ChessBase"]
[SourceDate "2005.11.24"]
[SourceVersion "1"]
[SourceVersionDate "2005.11.24"]
[SourceQuality "1"]

1. e4 c5 2. c4 d6 3. Nc3 Nf6 4. Bd3 Nc6 5. Nge2 Bg4 6. f3 Bh5 7. b3 e5 8. a3 Be7 9. Bb2 O-O 10. O-O Bg6 11. Bc2 a6 12. d3 Rc8 13. Bc1 Nd4 14. Bd2 h6 15. Ng3 Nh5 16. Nce2 Bh4 17. Nxh5 Bxh5 18. Nxd4 cxd4 19. g3 Bg5 20. Qc1 Bf6 21. Bd1 b5 22. f4 Bxd1 23. Qxd1 bxc4 24. bxc4 Rb8 25. f5 Qc7 26. Qc2 Rb7 27. Rfb1 Rfb8 28. Bc1 Qe7 29. Rb4 a5 30. Rxb7 Qxb7 31. Ra2 Qb3 32. Rb2 Qxc2 33. Rxc2 Rb3 34. c5 dxc5 35. Rxc5 Rxd3 36. Kf2 Be7 37. Rxa5 Rc3 38. Rxe5 Bf6 39. Re8+ Kh7 40. Bf4 Rxa3 41. h4 Ra7 42. e5 Re7 43. Rxe7 Bxe7 44. Ke2 g5 45. hxg5 hxg5 46. Bc1 f6 47. e6 Kh6 48. g4 Kg7 49. Kd3 Bc5 50. Kc4 Ba7 51. Kd5 Kf8 52. Ke4 Ke7 53. Ba3+ Ke8 54. Bb2 Bb8 55. Bxd4 Ke7 56. Kd5 Bd6 57. Bxf6+ Kxf6 58. Kxd6 Kg7 59. Kd7 1-0

[Event "CAN-op"]
[Site "Sackville CAN"]
[Date "2001.07.13"]
[Round "8"]
[White "Solis, Jaime"]
[Black "Tassone, Adam"]
[Result "1/2-1/2"]
[WhiteElo "1970"]
[BlackElo "1678"]
[PlyCount "66"]
[GameId "2160767911564291"]
[EventDate "2001.07.07"]
[EventType "swiss"]
[EventRounds "10"]
[EventCountry "CAN"]
[SourceTitle "EXT 2006"]
[Source "ChessBase"]
[SourceDate "2005.11.24"]
[SourceVersion "1"]
[SourceVersionDate "2005.11.24"]
[SourceQuality "1"]

1. e4 c5 2. Nf3 Nc6 3. d4 cxd4 4. Nxd4 Nf6 5. Nc3 e5 6. Ndb5 d6 7. Bg5 a6 8. Na3 b5 9. Nd5 Be7 10. Bxf6 Bxf6 11. c3 Bg5 12. Nc2 Rb8 13. a3 a5 14. Be2 Ne7 15. Nce3 Be6 16. a4 bxa4 17. Qxa4+ Bd7 18. Qa2 Nxd5 19. Nxd5 Be6 20. O-O O-O 21. Rfb1 f5 22. Qxa5 fxe4 23. b4 Bh4 24. g3 Qg5 25. Ne3 Qf6 26. Rf1 Bg5 27. Nd5 Qf7 28. Ne3 Rbc8 29. c4 Bh3 30. Ng2 Bd2 31. Rab1 Bc3 32. Qd5 Qxd5 33. cxd5 Bd4 1/2-1/2

[Event "CAN-op"]
[Site "Sackville CAN"]
[Date "2001.07.13"]
[Round "8"]
[White "Stevens, Christian"]
[Black "Poirier, David"]
[Result "1-0"]
[WhiteElo "2048"]
[BlackElo "1880"]
[PlyCount "53"]
[GameId "2160767911564292"]
[EventDate "2001.07.07"]
[EventType "swiss"]
[EventRounds "10"]
[EventCountry "CAN"]
[SourceTitle "EXT 2006"]
[Source "ChessBase"]
[SourceDate "2005.11.24"]
[SourceVersion "1"]
[SourceVersionDate "2005.11.24"]
[SourceQuality "1"]

1. d4 d5 2. c4 e6 3. Nf3 c6 4. e3 Bd6 5. Bd3 Nf6 6. O-O Nbd7 7. Nbd2 O-O 8. e4 Bf4 9. cxd5 exd5 10. e5 Ne8 11. b4 Nc7 12. a4 f6 13. Re1 fxe5 14. dxe5 Re8 15. Qc2 Nxe5 16. Bxh7+ Kh8 17. Bb2 Nxf3+ 18. Nxf3 Bg4 19. Bxg7+ Kxg7 20. Qg6+ Kh8 21. Qxg4 Bxh2+ 22. Kxh2 Qd6+ 23. Kg1 Kxh7 24. Ng5+ Kg7 25. Ne6+ Kf6 26. Qg5+ Kf7 27. Qg7# 1-0

[Event "CAN-op"]
[Site "Sackville CAN"]
[Date "2001.07.13"]
[Round "8"]
[White "Strub, Michael"]
[Black "Lipnowski, Samuel"]
[Result "1/2-1/2"]
[WhiteElo "1690"]
[BlackElo "2032"]
[PlyCount "112"]
[GameId "2160767911564293"]
[EventDate "2001.07.07"]
[EventType "swiss"]
[EventRounds "10"]
[EventCountry "CAN"]
[SourceTitle "EXT 2006"]
[Source "ChessBase"]
[SourceDate "2005.11.24"]
[SourceVersion "1"]
[SourceVersionDate "2005.11.24"]
[SourceQuality "1"]

1. d4 Nf6 2. c4 e6 3. Nf3 Bb4+ 4. Bd2 Qe7 5. a3 Bxd2+ 6. Qxd2 O-O 7. Nc3 d6 8. g3 b6 9. Bg2 Bb7 10. Qc2 Nbd7 11. O-O c5 12. Rad1 Rac8 13. dxc5 dxc5 14. Nb5 Ra8 15. Nd6 Bc6 16. Rd2 Rad8 17. Rfd1 Ne8 18. Ne4 Nef6 19. Nxf6+ Nxf6 20. Ne5 Bxg2 21. Kxg2 Rxd2 22. Qxd2 Qb7+ 23. f3 Qc7 24. Nd7 Rc8 25. Nxf6+ gxf6 26. Qd7 Kg7 27. Qxc7 Rxc7 28. e4 Kg6 29. f4 f5 30. Kf3 fxe4+ 31. Kxe4 Kf6 32. Rd8 Rb7 33. a4 Rc7 34. g4 h6 35. h4 Rb7 36. g5+ hxg5 37. fxg5+ Ke7 38. Ra8 Rd7 39. Ke5 Rd2 40. Rxa7+ Kf8 41. a5 bxa5 42. Rxa5 Rxb2 43. Rxc5 Rh2 44. h5 Rxh5 45. Kf6 Ke8 46. Rc7 Rh4 47. c5 Rf4+ 48. Ke5 Rf5+ 49. Kd6 Rd5+ 50. Kc6 Rxg5 51. Kb6 Rg1 52. c6 f5 53. Rh7 Rb1+ 54. Kc5 Rc1+ 55. Kd6 Rd1+ 56. Kxe6 Kd8 1/2-1/2

[Event "CAN-op"]
[Site "Sackville CAN"]
[Date "2001.07.13"]
[Round "8"]
[White "Taylor, David"]
[Black "Litt, Mathew"]
[Result "1-0"]
[WhiteElo "1406"]
[BlackElo "1134"]
[PlyCount "41"]
[GameId "2160767911564294"]
[EventDate "2001.07.07"]
[EventType "swiss"]
[EventRounds "10"]
[EventCountry "CAN"]
[SourceTitle "EXT 2006"]
[Source "ChessBase"]
[SourceDate "2005.11.24"]
[SourceVersion "1"]
[SourceVersionDate "2005.11.24"]
[SourceQuality "1"]

1. e4 d5 2. exd5 Qxd5 3. Nc3 Qd8 4. d4 Nf6 5. Bc4 Nc6 6. d5 Ne5 7. Bb3 e6 8. Bf4 Ng6 9. Bg5 Bc5 10. dxe6 Bxe6 11. Bxe6 fxe6 12. Qe2 e5 13. Qb5+ c6 14. Qxc5 h6 15. Bxf6 Qxf6 16. O-O-O Qg5+ 17. Kb1 Qxg2 18. Qd6 Qxh1 19. Qxg6+ Kf8 20. Rd7 Rd8 21. Qf7# 1-0

[Event "CAN-op"]
[Site "Sackville CAN"]
[Date "2001.07.13"]
[Round "8"]
[White "Tsui, Alick"]
[Black "Tremblay, Roger"]
[Result "1-0"]
[WhiteElo "1585"]
[BlackElo "1401"]
[PlyCount "97"]
[GameId "2160767911564295"]
[EventDate "2001.07.07"]
[EventType "swiss"]
[EventRounds "10"]
[EventCountry "CAN"]
[SourceTitle "EXT 2006"]
[Source "ChessBase"]
[SourceDate "2005.11.24"]
[SourceVersion "1"]
[SourceVersionDate "2005.11.24"]
[SourceQuality "1"]

1. e4 c5 2. Nf3 d6 3. d4 cxd4 4. Nxd4 Nf6 5. Nc3 a6 6. Be2 e6 7. O-O Be7 8. Be3 O-O 9. h3 Re8 10. Nf3 Nc6 11. a3 b5 12. b4 Qc7 13. Rb1 Nxb4 14. Nxb5 axb5 15. axb4 Bd7 16. Bd3 Bc6 17. Nd2 Qb7 18. f3 Rec8 19. Qe2 Qc7 20. c4 bxc4 21. Nxc4 Rd8 22. Bb6 Qb7 23. Bxd8 Rxd8 24. Na5 Qa7+ 25. Qf2 Qc7 26. Rfc1 d5 27. Nxc6 Re8 28. Nxe7+ Qxe7 29. b5 Rb8 30. b6 e5 31. Rc7 Qd8 32. Rbc1 Ne8 33. R7c6 d4 34. Qb2 g6 35. R1c5 Qe7 36. Rc8 Rb7 37. Qb5 Rd7 38. Rxe5 Qd6 39. Rexe8+ Kg7 40. Qe5+ f6 41. Qxd6 Rxd6 42. b7 Rb6 43. Rc7+ Kh6 44. b8=Q Rxb8 45. Rxb8 g5 46. Rb6 Kg6 47. g4 h5 48. e5+ Kh6 49. Rxf6# 1-0

[Event "CAN-op"]
[Site "Sackville CAN"]
[Date "2001.07.13"]
[Round "8"]
[White "Tsui, Edwin"]
[Black "Chiasson, Marc"]
[Result "1-0"]
[WhiteElo "1879"]
[BlackElo "1250"]
[PlyCount "43"]
[GameId "2160767911564296"]
[EventDate "2001.07.07"]
[EventType "swiss"]
[EventRounds "10"]
[EventCountry "CAN"]
[SourceTitle "EXT 2006"]
[Source "ChessBase"]
[SourceDate "2005.11.24"]
[SourceVersion "1"]
[SourceVersionDate "2005.11.24"]
[SourceQuality "1"]

1. e4 e5 2. Nf3 Nc6 3. d4 f6 4. Bc4 d6 5. Nc3 Qe7 6. d5 Na5 7. Be2 b6 8. b4 Nb7 9. Bb5+ Bd7 10. Bc6 O-O-O 11. Qe2 Bxc6 12. dxc6 Re8 13. Qa6 Kd8 14. cxb7 Kd7 15. Qxa7 Qd8 16. Nd5 Qb8 17. Qa4+ Ke6 18. Qxe8+ Qxe8 19. Nxc7+ Ke7 20. Nxe8 Kxe8 21. b8=Q+ Kf7 22. Qxb6 1-0

[Event "CAN-op"]
[Site "Sackville CAN"]
[Date "2001.07.13"]
[Round "8"]
[White "Ward, Kevin"]
[Black "Puiras, Jarmo"]
[Result "1/2-1/2"]
[WhiteElo "1714"]
[BlackElo "1862"]
[PlyCount "118"]
[GameId "2160767911564297"]
[EventDate "2001.07.07"]
[EventType "swiss"]
[EventRounds "10"]
[EventCountry "CAN"]
[SourceTitle "EXT 2006"]
[Source "ChessBase"]
[SourceDate "2005.11.24"]
[SourceVersion "1"]
[SourceVersionDate "2005.11.24"]
[SourceQuality "1"]

1. f4 d5 2. Nf3 Nc6 3. b3 Bf5 4. a3 Nf6 5. Bb2 g6 6. e3 Bg7 7. Be2 O-O 8. O-O a6 9. c4 dxc4 10. bxc4 Qd7 11. d4 Rad8 12. Nc3 Na5 13. Ne5 Qc8 14. g4 Bd7 15. g5 Ne8 16. Nd5 Qb8 17. Nxe7+ Kh8 18. d5 c5 19. Bc3 Qc7 20. d6 Nxd6 21. Bxa5 Qxa5 22. Nxd7 Rxd7 23. Nd5 Rdd8 24. Kg2 Rfe8 25. Bd3 Kg8 26. Ra2 b5 27. Qb3 Rb8 28. Rb1 bxc4 29. Qxb8 Rxb8 30. Rxb8+ Bf8 31. Nf6+ Kg7 32. Bxc4 Qc3 33. Bxa6 Qxe3 34. Rf2 Qd4 35. Rd8 Qa4 36. Rd2 Qxf4 37. R2xd6 Qxg5+ 38. Kf3 Bxd6 39. Rxd6 Qf5+ 40. Kg3 Qe5+ 41. Kg2 Qb2+ 42. Kg1 Qxa3 43. Be2 Kf8 44. Nxh7+ Ke7 45. Ra6 Qe3+ 46. Kf1 Qh3+ 47. Kg1 Qxh7 48. Ra7+ Kf6 49. Bc4 Qg8 50. Kf2 Qe8 51. Kf3 g5 52. h3 Qc6+ 53. Kf2 Qd6 54. Ra6 Qxa6 55. Bxa6 Ke5 56. Bc4 f5 57. Bd3 f4 58. Kf3 Kd4 59. Bg6 c4 1/2-1/2

[Event "CAN-op"]
[Site "Sackville CAN"]
[Date "2001.07.13"]
[Round "8"]
[White "Wong, Wylon"]
[Black "Taylor, William"]
[Result "1/2-1/2"]
[WhiteElo "1719"]
[BlackElo "1953"]
[PlyCount "67"]
[GameId "2160767911564298"]
[EventDate "2001.07.07"]
[EventType "swiss"]
[EventRounds "10"]
[EventCountry "CAN"]
[SourceTitle "EXT 2006"]
[Source "ChessBase"]
[SourceDate "2005.11.24"]
[SourceVersion "1"]
[SourceVersionDate "2005.11.24"]
[SourceQuality "1"]

1. d4 d5 2. Nf3 Nf6 3. g3 g6 4. Bg2 Bg7 5. O-O O-O 6. b3 c6 7. Bb2 Re8 8. Nbd2 Nbd7 9. c4 e6 10. Qc2 Qc7 11. e4 dxe4 12. Nxe4 Nxe4 13. Qxe4 b6 14. Ne5 Nxe5 15. dxe5 Bb7 16. Rad1 Rad8 17. f4 Bf8 18. Qe2 Bc5+ 19. Kh1 Rxd1 20. Rxd1 Rd8 21. a3 a5 22. Rd3 Be7 23. Qd2 Rxd3 24. Qxd3 Kf8 25. Kg1 Ke8 26. Kf1 Bc5 27. Qd2 Qe7 28. a4 Bb4 29. Bc3 Bxc3 30. Qxc3 c5 31. Bf3 Qd7 32. Ke2 Ke7 33. Bxb7 Qxb7 34. Qf3 1/2-1/2

[Event "CAN-op"]
[Site "Sackville CAN"]
[Date "2001.07.13"]
[Round "8"]
[White "Yee, Lorne"]
[Black "O'Donnell, Tom"]
[Result "0-1"]
[WhiteElo "2185"]
[BlackElo "2357"]
[PlyCount "62"]
[GameId "2160767911564299"]
[EventDate "2001.07.07"]
[EventType "swiss"]
[EventRounds "10"]
[EventCountry "CAN"]
[SourceTitle "EXT 2002"]
[Source "ChessBase"]
[SourceDate "2001.11.25"]
[SourceVersion "1"]
[SourceVersionDate "2001.11.25"]
[SourceQuality "1"]

1. c4 e6 2. Nc3 d5 3. cxd5 exd5 4. d4 c6 5. Nf3 Bf5 6. a3 Bd6 7. Bg5 Ne7 8. e3 O-O 9. Bh4 Nd7 10. Bd3 Bxd3 11. Qxd3 a5 12. O-O Re8 13. b3 Nb6 14. Nd2 Qd7 15. Bg3 Nf5 16. Bxd6 Nxd6 17. a4 f5 18. f4 Qe7 19. Rae1 Ne4 20. Nf3 Qb4 21. Nb1 Nc8 22. Ne5 Ra6 23. Rc1 Rb6 24. Nd7 Qxb3 25. Nc3 Rb4 26. Nc5 Nxc5 27. dxc5 Rc4 28. Rc2 Qa3 29. Rfc1 Qxc5 30. Nd1 Nd6 31. Rxc4 dxc4 0-1

[Event "CAN-op"]
[Site "Sackville CAN"]
[Date "2001.07.13"]
[Round "8.24"]
[White "Strojevs, Alexander"]
[Black "Michaud, Gerald"]
[Result "0-1"]
[WhiteElo "1809"]
[BlackElo "2077"]
[PlyCount "62"]
[GameId "2160767911564300"]
[EventDate "2001.07.07"]
[EventType "swiss"]
[EventRounds "10"]
[EventCountry "CAN"]

1. d4 d5 2. c4 c6 3. e3 Bf5 4. cxd5 cxd5 5. Nf3 e6 6. Bb5+ Nd7 7. Nc3 Ngf6 8. Ne5 a6 9. Bxd7+ Nxd7 10. Nxd7 Qxd7 11. O-O Be7 12. a4 b6 13. Ne2 O-O 14. f3 Rfc8 15. Nc3 b5 16. e4 Bg6 17. Qd3 b4 18. Ne2 Qb7 19. Ng3 Bh4 20. Re1 Qc7 21. Re2 Bxg3 22. hxg3 Qxg3 23. Qe3 dxe4 24. fxe4 Qxe3+ 25. Rxe3 Rc2 26. e5 Rac8 27. Re1 Rd8 28. Bg5 Rxd4 29. Rac1 h6 30. Rxc2 Bxc2 31. Be7 Bxa4 0-1

[Event "CAN-op"]
[Site "Sackville CAN"]
[Date "2001.07.14"]
[Round "9"]
[White "Anderson, Ashton"]
[Black "Chevalier, Francois"]
[Result "1-0"]
[WhiteElo "1820"]
[BlackElo "1671"]
[PlyCount "127"]
[GameId "2160767911564301"]
[EventDate "2001.07.07"]
[EventType "swiss"]
[EventRounds "10"]
[EventCountry "CAN"]
[SourceTitle "EXT 2006"]
[Source "ChessBase"]
[SourceDate "2005.11.24"]
[SourceVersion "1"]
[SourceVersionDate "2005.11.24"]
[SourceQuality "1"]

1. e4 d6 2. d4 Nf6 3. Nc3 g6 4. Be3 c6 5. Qd2 Bg7 6. f3 b5 7. g4 a5 8. O-O-O Nfd7 9. Bh6 Kf8 10. h4 Nb6 11. h5 d5 12. exd5 Nxd5 13. Nxd5 Qxd5 14. hxg6 hxg6 15. Bxg7+ Kxg7 16. Rxh8 Kxh8 17. Qh6+ Kg8 18. Rd2 Qe6 19. g5 Qe1+ 20. Rd1 Qe3+ 21. Kb1 Bf5 22. Bh3 Nd7 23. Bxf5 gxf5 24. Qxc6 Ra7 25. g6 Qe6 26. gxf7+ Kxf7 27. Qxb5 a4 28. a3 Nb6 29. d5 Qd6 30. Ne2 Rc7 31. Qd3 Qf6 32. Nc3 Qe5 33. f4 Qf6 34. Qd4 Rc4 35. Qxf6+ Kxf6 36. d6 Nd7 37. Nd5+ Kf7 38. dxe7 Re4 39. Rh1 Nf6 40. Nxf6 Kxf6 41. Rh7 Re1+ 42. Ka2 Re2 43. c3 Kg6 44. Rh8 Rxe7 45. Rb8 Kh5 46. Rb4 Kg4 47. Rxa4 Re4 48. Ra8 Kxf4 49. b4 Ke3 50. b5 f4 51. b6 Re7 52. Rf8 f3 53. c4 f2 54. c5 Rb7 55. Kb3 Ke2 56. Kb4 f1=Q 57. Rxf1 Kxf1 58. Kb5 Rh7 59. a4 Ke2 60. a5 Ke3 61. c6 Kd4 62. b7 Rh5+ 63. Ka6 Rh8 64. c7 1-0

[Event "CAN-op"]
[Site "Sackville CAN"]
[Date "2001.07.14"]
[Round "9"]
[White "Arseneau, Peter"]
[Black "Ward, Kevin"]
[Result "1-0"]
[WhiteElo "1851"]
[BlackElo "1714"]
[PlyCount "81"]
[GameId "2160767911564302"]
[EventDate "2001.07.07"]
[EventType "swiss"]
[EventRounds "10"]
[EventCountry "CAN"]
[SourceTitle "EXT 2006"]
[Source "ChessBase"]
[SourceDate "2005.11.24"]
[SourceVersion "1"]
[SourceVersionDate "2005.11.24"]
[SourceQuality "1"]

1. e4 d5 2. exd5 Qxd5 3. Nc3 Qa5 4. d4 c6 5. Nf3 Nf6 6. Bd2 Qc7 7. Bc4 Bg4 8. h3 Bf5 9. Ne5 e6 10. a4 Nbd7 11. Nxd7 Nxd7 12. Bb3 Bd6 13. Qf3 O-O-O 14. O-O-O h6 15. Rhe1 g5 16. Ne4 Bg6 17. Bc3 Rhg8 18. Nxd6+ Qxd6 19. g3 Nb6 20. Ba5 Rd7 21. Qc3 Nd5 22. Qc5 b6 23. Qxd6 Rxd6 24. Bd2 f5 25. c4 Nc7 26. c5 Rxd4 27. cxb6 axb6 28. Bxe6+ Nxe6 29. Rxe6 Rc4+ 30. Bc3 f4 31. Rdd6 fxg3 32. fxg3 Be4 33. Rd4 Rxd4 34. Bxd4 Bd5 35. Rxh6 c5 36. Be3 Bb3 37. Rxb6 c4 38. Ra6 Kb7 39. Rb6+ Kc7 40. a5 Rd8 41. Rxb3 1-0

[Event "CAN-op"]
[Site "Sackville CAN"]
[Date "2001.07.14"]
[Round "9"]
[White "Bernard, Gilbert"]
[Black "Mazzarelli, Ariel"]
[Result "0-1"]
[WhiteElo "1789"]
[BlackElo "1997"]
[PlyCount "126"]
[GameId "2160767911564303"]
[EventDate "2001.07.07"]
[EventType "swiss"]
[EventRounds "10"]
[EventCountry "CAN"]
[SourceTitle "EXT 2006"]
[Source "ChessBase"]
[SourceDate "2005.11.24"]
[SourceVersion "1"]
[SourceVersionDate "2005.11.24"]
[SourceQuality "1"]

1. c4 c5 2. Nc3 Nc6 3. Nf3 Nf6 4. d4 cxd4 5. Nxd4 g6 6. e4 d6 7. Be2 Bg7 8. Nc2 O-O 9. O-O a6 10. Rb1 Nd7 11. Be3 b6 12. Qd2 Re8 13. Nd4 Bb7 14. Nxc6 Bxc6 15. Bd4 Nc5 16. f3 Rc8 17. Bxg7 Kxg7 18. Rfd1 Ne6 19. Nd5 h6 20. b3 f6 21. a4 Rb8 22. Nc3 a5 23. Nd5 g5 24. g3 Rh8 25. Ne3 h5 26. Nf5+ Kf7 27. Nd4 Nxd4 28. Qxd4 Qd7 29. Kf2 Qh3 30. Rh1 Qe6 31. Bd3 Qd7 32. Rbd1 Qb7 33. Bc2 Rbd8 34. Qd3 Ke8 35. h4 Kd7 36. Qe3 Rdg8 37. Rh2 Kc8 38. Rdh1 Rg7 39. hxg5 Rxg5 40. f4 Rg7 41. Rxh5 Rhg8 42. R1h3 f5 43. Rh8 fxe4 44. Rxg8+ Rxg8 45. Rh4 e6 46. g4 d5 47. Kg3 Qg7 48. Bd1 d4 49. Qg1 e5 50. f5 Qg5 51. Kh3 Bd7 52. Qf2 Kc7 53. Rh5 Qc1 54. Qc2 Qxc2 55. Bxc2 d3 56. Bd1 e3 57. Bf3 e2 58. Bd5 Rf8 59. f6 e1=Q 60. f7 Qe3+ 61. Kh4 d2 62. Rg5 d1=Q 63. Kh5 Qdd2 0-1

[Event "CAN-op"]
[Site "Sackville CAN"]
[Date "2001.07.14"]
[Round "9"]
[White "Bluvshtein, Ilia"]
[Black "Nathani, Kaleim"]
[Result "1-0"]
[WhiteElo "2146"]
[BlackElo "1867"]
[PlyCount "111"]
[GameId "2160767911564304"]
[EventDate "2001.07.07"]
[EventType "swiss"]
[EventRounds "10"]
[EventCountry "CAN"]
[SourceTitle "EXT 2006"]
[Source "ChessBase"]
[SourceDate "2005.11.24"]
[SourceVersion "1"]
[SourceVersionDate "2005.11.24"]
[SourceQuality "1"]

1. e4 d5 2. exd5 Nf6 3. Bb5+ Bd7 4. Be2 Nxd5 5. d4 Bf5 6. Nf3 e6 7. O-O Nc6 8. a3 Bd6 9. g3 O-O 10. c4 Nf6 11. Qb3 Qd7 12. Rd1 a5 13. Ne5 Qe8 14. Bf4 Nd7 15. Nxd7 Qxd7 16. Be3 a4 17. Qc3 Rfe8 18. Bf3 Na5 19. Nd2 e5 20. d5 e4 21. Bg2 Be5 22. Bd4 Bxd4 23. Qxd4 Bg4 24. Re1 f5 25. Rac1 Nc6 26. Qc3 Ne5 27. f3 exf3 28. Nxf3 Nxf3+ 29. Bxf3 Bxf3 30. Qxf3 Re7 31. d6 cxd6 32. Qd5+ Kh8 33. Rcd1 Rxe1+ 34. Rxe1 Re8 35. Rxe8+ Qxe8 36. Qxf5 Qe1+ 37. Kg2 Qe2+ 38. Kh3 Qxc4 39. Qf8+ Qg8 40. Qxd6 Qc8+ 41. Kh4 h6 42. g4 Qc6 43. Qxc6 bxc6 44. g5 Kh7 45. Kh5 g6+ 46. Kg4 hxg5 47. Kxg5 Kg7 48. Kf4 Kf6 49. Ke4 Kg5 50. Kd3 Kg4 51. b3 Kf4 52. bxa4 Ke5 53. Kc4 Kd6 54. h4 Kd7 55. Kc5 Kc7 56. a5 1-0

[Event "CAN-op"]
[Site "Sackville CAN"]
[Date "2001.07.14"]
[Round "9"]
[White "Bluvshtein, Mark"]
[Black "Kapadia, Ronak"]
[Result "1-0"]
[WhiteElo "2277"]
[BlackElo "2106"]
[PlyCount "81"]
[GameId "2160767911564305"]
[EventDate "2001.07.07"]
[EventType "swiss"]
[EventRounds "10"]
[EventCountry "CAN"]
[SourceTitle "EXT 2006"]
[Source "ChessBase"]
[SourceDate "2005.11.24"]
[SourceVersion "1"]
[SourceVersionDate "2005.11.24"]
[SourceQuality "1"]

1. d4 d5 2. c4 e6 3. Nc3 c6 4. cxd5 exd5 5. Bf4 Bd6 6. Bxd6 Qxd6 7. e3 Nf6 8. Bd3 Bg4 9. Qc2 Nbd7 10. h3 Be6 11. Nge2 a6 12. Nf4 c5 13. dxc5 Nxc5 14. O-O O-O 15. Rfd1 Nxd3 16. Qxd3 Rfd8 17. Rd2 Qe7 18. Rad1 Rd7 19. Qd4 Rad8 20. Qe5 Qd6 21. Qxd6 Rxd6 22. e4 R6d7 23. exd5 g5 24. Nd3 Bf5 25. g4 Bxd3 26. Rxd3 b5 27. a3 Rd6 28. Kg2 Kg7 29. f4 gxf4 30. Kf3 a5 31. Nxb5 Rxd5 32. Rxd5 Rxd5 33. Rxd5 Nxd5 34. Nc3 Ne3 35. Kxf4 Nc4 36. b4 axb4 37. axb4 Kg6 38. Nd5 Nd6 39. h4 h6 40. Ne7+ Kf6 41. Nf5 1-0

[Event "CAN-op"]
[Site "Sackville CAN"]
[Date "2001.07.14"]
[Round "9"]
[White "Bowles, Charles"]
[Black "Ramaswamy, Kishor"]
[Result "1/2-1/2"]
[WhiteElo "1609"]
[BlackElo "1879"]
[PlyCount "59"]
[GameId "2160767911564306"]
[EventDate "2001.07.07"]
[EventType "swiss"]
[EventRounds "10"]
[EventCountry "CAN"]
[SourceTitle "EXT 2006"]
[Source "ChessBase"]
[SourceDate "2005.11.24"]
[SourceVersion "1"]
[SourceVersionDate "2005.11.24"]
[SourceQuality "1"]

1. Nf3 d5 2. g3 Nf6 3. Bg2 Bg4 4. d3 Nbd7 5. Nbd2 e6 6. O-O Be7 7. Re1 c6 8. e4 Qc7 9. Nf1 O-O 10. h3 Bxf3 11. Qxf3 Rac8 12. Qe2 e5 13. Ne3 d4 14. Nf5 Bb4 15. Rf1 c5 16. Ne7+ Kh8 17. Nxc8 Rxc8 18. f4 c4 19. fxe5 cxd3 20. cxd3 Nxe5 21. Bf4 Bd6 22. Rac1 Qd7 23. Rxc8+ Qxc8 24. Rc1 Qd7 25. Bxe5 Bxe5 26. Qf3 g6 27. g4 Kg7 28. Bf1 Qd6 29. Qg2 Bf4 30. Rc2 1/2-1/2

[Event "CAN-op"]
[Site "Sackville CAN"]
[Date "2001.07.14"]
[Round "9"]
[White "Brodie, Hugh"]
[Black "Johnson, Kyle"]
[Result "1/2-1/2"]
[WhiteElo "1970"]
[BlackElo "1628"]
[PlyCount "48"]
[GameId "2160767911564307"]
[EventDate "2001.07.07"]
[EventType "swiss"]
[EventRounds "10"]
[EventCountry "CAN"]
[SourceTitle "EXT 2006"]
[Source "ChessBase"]
[SourceDate "2005.11.24"]
[SourceVersion "1"]
[SourceVersionDate "2005.11.24"]
[SourceQuality "1"]

1. b3 e5 2. Bb2 d6 3. e3 Nd7 4. c4 Ngf6 5. d3 g6 6. g3 Bg7 7. Bg2 O-O 8. Ne2 c6 9. Nbc3 Ne8 10. O-O f5 11. Qd2 Nef6 12. f4 Qc7 13. Rac1 Nb6 14. Ba3 Rd8 15. e4 Be6 16. d4 Bxc4 17. bxc4 Nxc4 18. Qc2 Nxa3 19. Qb3+ Qf7 20. Qxa3 exd4 21. Nxd4 Nxe4 22. Nxe4 Bxd4+ 23. Nf2 d5 24. Rfe1 Re8 1/2-1/2